Państwa Ameryki Północnej z pustą mapą - Statystyki

Ogólne statystyki
  • Ten quiz został rozwiązany 12 742 razy
  • Średni wynik to 18 z 23
Odpowiedzi na mapie
Odpowiedzi zakodowano w zielono-czerwonej skali na mapie do tego quizu, zgodnie z poniższymi procentami.
 
Statystyki odpowiedzi
Państwo % Poprawnych
Kanada
100%
Stany Zjednoczone
100%
Meksyk
99%
Kuba
92%
Dominika
90%
Panama
89%
Dominikana
88%
Haiti
85%
Kostaryka
84%
Honduras
83%
Jamajka
82%
Gwatemala
80%
Nikaragua
80%
Salwador
78%
Belize
77%
Bahamy
76%
Barbados
71%
Antigua i Barbuda
69%
Saint Lucia
68%
Trynidad i Tobago
67%
Saint Vincent i Grenadyny
65%
Saint Kitts i Nevis
64%
Grenada
62%
Nie znaleziono quizów pasujących do podanych kryteriów
Rozkład punktacji
Procent ludzi z każdym wynikiem
Percentyl według liczby udzielonych odpowiedzi
Twoja historia wyników
Nie rozwiązałeś tego quizu